000 00711nam a2200193 a 4500
001 000027728
005 20240301142627.0
008 110404s1941 dr a 001 0 spa d
040 _aDO-SdBNP
_bspa
_cBNPHU
082 _a972.9304
_bN789v
100 1 _aNolasco, Sócrates,
_d1884-1980
_922323
245 1 0 _aViejas memorias :
_bprimera serie /
_cSócrates Nolasco.
260 _aSantiago de los Caballeros, República Dominicana :
_bEl Diario,
_c1941.
300 _a223 p. :
_bil. ;
_c20 cm.
500 _aIncluye bibliografía y notas al pie de páginas.
651 4 _aRepública Dominicana
_xHistoria
_ySIGLO XIX
_xEnsayos, Conferencias, Etc.
_954805
910 _aValidado. Control de calidad EMS
049 _aBNPD
999 _c27220
_d27220